Personnages français de fiction - Statistiques

Statistiques générales
  • Ce quiz a été pris 229 fois
  • Le résultat moyen est 7 sur 16
Statistiques - réponses
Par images Réponse % Correct
Astérix
100%
Quasimodo
78%
Rémy
72%
Bécassine
65%
Fleur Delacour
58%
Arsène Lupin
44%
Berlioz
44%
Marinette
43%
Cyrano de Bergerac
41%
Justin Bridou
34%
Gabriel
23%
Adèle Blanc-Sec
22%
Fantômas
13%
Triplettes de Belleville
11%
Lucille
10%
Superdupont
10%
Aucun quiz correspondant
Distribution des résultats
% des personnes avec chaque résultat
Percentile par nombre de réponses
Votre historique - résultats
Vous n’avez pas pris ce quiz